000 01121nam a22003257a 4500
003 CHAP
005 20220817041407.0
008 971013s1980 r 00010 d
010 _a13160
011 _a14132
035 _a18205
040 _cCHAP
082 _a333.09724
_bB3 1980
100 0 0 _aBazant, Jan.
_911019
245 _aCinco haciendas mexicanas ; tres siglos de vida rural en San Luis Potosí (1600-1910)
250 _a2 ed.
260 _aMéxico, D. F. :
_bEl Colegio de México,
_c1980
300 _a229 p.
_b: ilus.
490 _aCentro de Estudios Históricos. Nueva serie
_v; 20
590 _aBATCH-UPD
_b10
_c20130110
_lUCH01
_h2151
590 _aBATCH-UPD
_b10
_c20130410
_lUCH01
_h1500
590 _aBATCH-UPD
_b10
_c20130914
_lUCH01
_h0616
590 _aCONVERSION
_b10
_c20130109
_lUCH01
_h1309
650 1 4 _aReforma agraria
_xHistoria.
_995552
650 1 4 _aTierras
_xTenencia
_xSan Luis Potosí.
_9113197
830 0 _aCentro de Estudios Históricos. Nueva serie
_v; 20
901 _aBK
942 _cLIBRO
949 _a333.09724 B3 1980
_bBC
_cLIBRO
_d33724000328324
_eLIBRO
_h62513
_i18205
_si
_t750.00
999 _c13160
_d13160